000 00863nam a2200229 a 4500
003 0
005 20250626113241.0
008 101013s19uu xx 00 eng d
050 _aPHS BF 173
_b.F33 2010
100 _aFelicitas, Jason Lloyd.
245 _aEgo strength on varsity players in the homogenous and heterogeneous groups /
_cJason Lloyd Felicitas.
260 _aLas PiƱas City, Philippines :
_bSouthville International School and Colleges,
_c2010.
300 _a27 pages :
_billustrations ;
_c30 cm.
504 _aIncludes bibliographical references.
650 _aEgo (Psychology).
650 _aPersonality and sports.
650 _aAthletes
_xPsychology.
650 _aSports teams
_xPsychological aspects.
650 _aHomogeneous groups
_xPsychological aspects.
650 _aHeterogeneous groups
_xPsychological aspects.
942 _2lcc
_cPASS
999 _c98442
_d98442